Najgęściej zaludnione miasta Polski - Statystyki

Ogólne statystyki
  • Ten quiz został rozwiązany 1 079 razy
    1 062 od ostatniego zresetowania
  • Średni wynik to 6 z 40
Statystyki odpowiedzi
osób/km2 Odpowiedź % Poprawnych
3412 Warszawa
98%
2348 Kraków
86%
2354 Łódź
71%
2305 Lublin
54%
2911 Białystok
51%
3280 Chorzów
33%
2425 Bytom
31%
3191 Pruszków
21%
3991 Legionowo
20%
2923 Ełk
15%
2938 Piaseczno
14%
2437 Siedlce
13%
3785 Świętochłowice
13%
2648 Siemianowice Śląskie
11%
3258 Ząbki
11%
2419 Inowrocłąw
10%
2347 Grodzisk Mazowiecki
8%
3065 Mińsk Mazowiecki
8%
3947 Piastów
8%
2804 Żyrardów
8%
2692 Tczew
6%
3735 Swarzędz
5%
2650 Świdnica
5%
2472 Brzeg
4%
2343 Luboń
4%
2352 Puck
4%
2349 Ostróda
3%
2413 Śrem
3%
2720 Kościan
2%
2788 Wolsztyn
2%
2379 Września
2%
2551 Chojnów
1%
2655 Kętrzyn
1%
2290 Morąg
1%
3037 Nowe Skalmierzyce
1%
2827 Nowy Tomyśl
1%
2710 Ozimek
1%
2636 Rawicz
1%
2473 Sulechów
1%
2418 Stronie Śląskie
0%
Nie znaleziono quizów pasujących do podanych kryteriów
Rozkład punktacji
Procent ludzi z każdym wynikiem
Percentyl według liczby udzielonych odpowiedzi
Twoja historia wyników
Nie rozwiązałeś tego quizu od ostatniego zresetowania